Doctor Who Monologue Quiz Stats

Quiz not verified by Sporcle

Challenge
Share
Tweet
Score 0/49 Timer 04:00
0 Plays Today
% Correct
a
94.9%
a
94.9%
you?
87.8%
you
87.8%
you
87.8%
you
87.8%
you
87.8%
in
78.9%
in
78.9%
Me.
76.9%
is
72.1%
If
71.1%
if
71.1%
if
71.1%
never
70.9%
there
70.9%
never,
70.9%
ever
69.5%
ever
69.5%
trap.
69.3%
trap...
69.3%
one
69.1%
one
69.1%
put
68.7%
put
68.7%
% Correct
thing
68%
thing
68%
your
67%
have
58.1%
value
56.8%
There's
56.2%
any
55.4%
you're
54.5%
smart,
47.8%
continued
45.2%
tomorrow,
44.2%
mistake.
44%
existence,
42.9%
plans
42.7%
big,
41.4%
big
41.4%
seeing
41.4%
tell
39%
Didn't
37.8%
anyone
37.7%
Oh,
37.4%
about
33.8%
huge.
27.6%
Really
25.4%

You're not logged in!

Compare scores with friends on all Sporcle quizzes.
Sign Up with Email
OR
Log In

You Might Also Like...

Show Comments

Extras

Top Quizzes Today


Score Distribution

Your Account Isn't Verified!

In order to create a playlist on Sporcle, you need to verify the email address you used during registration. Go to your Sporcle Settings to finish the process.